| 000 | 00439nam a2200157Ia 4500 | ||
|---|---|---|---|
| 003 | IQ-KOUCL | ||
| 041 | _aKurdish | ||
| 082 | _a891,03 cut-923 ب | ||
| 100 | _a20260118u\\\\\\\\\\\y0engy0103\\\\ba | ||
| 100 | _aیوسف محەمەد بەرزنجى | ||
| 245 | 0 | _aنووسەرى کوردستان - بەرگى پێنجەم | |
| 250 | _aچ1 | ||
| 260 |
_bجابخانەى حەمدى _aهەولیر _c2022 |
||
| 300 | _a279 | ||
| 942 | _cBk | ||
| 999 |
_c186112 _d186112 |
||